Memòria de la tasca realitzada pel Servei d'Obres Públiques : any 1982 / Diputació de Barcelona. Servei d'Obres Públiques any 1982 / Diputació de Barcelona. Servei d'Obres Públiques
Descripción Física:
62 p. : taules ; 30 cm
MARC
| LEADER | 00000nam a2200000Ia 4500 | ||
|---|---|---|---|
| 001 | 18823 | ||
| 003 | BGR | ||
| 005 | 20260324180024.0 | ||
| 008 | 160829s1982 xx 000 0 cat d | ||
| 080 | |a C-2-497 | ||
| 110 | 1 | |a Barcelona (Catalunya : Província). |b Diputació |b Servei d'Obres Públiques |9 52408 | |
| 245 | |a Memòria de la tasca realitzada pel Servei d'Obres Públiques : |b any 1982 / Diputació de Barcelona. Servei d'Obres Públiques | ||
| 260 | |a Barcelona : |b la Diputació, |c 1982 | ||
| 300 | |a 62 p. : |b taules ; |c 30 cm | ||
| 610 | 1 | 0 | |a Barcelona (Catalunya : Província). |b Diputació |b Servei d'Obres Públiques |9 52408 |
| 901 | |a Arxiu | ||
| 942 | |n 1 |2 udc |c MON | ||
| 952 | |0 0 |1 0 |4 0 |6 C2497 |7 1 |9 51787 |a Arxiu |b Arxiu |d 2016-12-01 |l 0 |o C-2-497 |p 18823 |r 2016-12-01 00:00:00 |w 2016-12-01 |y ARXIU | ||
| 999 | |c 55633 |d 55633 | ||